| 000 | 01276nam a2200325 a 4500 | ||
|---|---|---|---|
| 001 | BRCA_8556 | ||
| 005 | 20190320210329.0 | ||
| 008 | 170816s1604----fr-#######---#000-0#lat-# | ||
| 041 | _alat | ||
| 044 | _afr | ||
| 050 | 4 |
_aK623 _b.G68 _c1604 |
|
| 100 | 1 |
_aGothofredus, Dionysius _921437 |
|
| 245 | 1 | 0 |
_aCorpvs ivris civilis, in III partes distinctum _cDionysius Gothofredus. |
| 250 | _a3a ed. | ||
| 260 |
_aAvreliopoli _bApud ioannem vignon _c1604 |
||
| 300 |
_a1 vol. (con varias paginaciones) _c25 cm |
||
| 500 | _aFondo antiguo | ||
| 500 | _aSe encuentra en Caja Fuerte | ||
| 500 | _aW-46 | ||
| 500 | _aCon Ex-libris de: Franz Mayer | ||
| 500 | _aEn portada: cum privilgio sacrae casaris maies totis & christianissimi francorum regis | ||
| 500 | _aIncluye índice | ||
| 500 | _aPortada impresa en dos tintas negra y roja, desprendida y rallada | ||
| 500 | _aNota de encuadernación: en madera con broches de piel y metal incompletos | ||
| 505 | 0 | _aHistoria juris a ilustiniano compositi.-- Institutionum libri III.-- Digestorum seu pandectarum inclundatur, quinta docebit pagina | |
| 506 | 0 | _aFondo reservado: para su consulta es necesario credencial de usuario y carta de motivos | |
| 650 | 1 | 4 |
_aDerecho civil _921438 |
| 902 | _aLAR | ||
| 942 |
_2lcc _cB |
||
| 999 |
_c8219 _d8219 |
||